Fancy Nancy at the museum / (Record no. 6213)

MARC details
000 -LEADER
fixed length control field 01261nam a22003497a 4500
001 - CONTROL NUMBER
control field 6213
003 - CONTROL NUMBER IDENTIFIER
control field FISKH
005 - DATE AND TIME OF LATEST TRANSACTION
control field 20250331090453.0
008 - FIXED-LENGTH DATA ELEMENTS--GENERAL INFORMATION
fixed length control field 250331b cb ||||| |||| 00| 0 eng d
020 ## - INTERNATIONAL STANDARD BOOK NUMBER
International Standard Book Number 9780061236075
040 ## - CATALOGING SOURCE
Original cataloging agency DLC
Transcribing agency DLC
Modifying agency IG#
-- BAKER
-- BTCTA
-- UPZ
-- P@N
-- ABG
-- IH7
-- EHH
-- VP@
-- DLC
Language of cataloging eng
050 ## - LIBRARY OF CONGRESS CALL NUMBER
Classification number PZ7.O222 F
082 ## - DEWEY DECIMAL CLASSIFICATION NUMBER
Classification number 813.6
100 1# - MAIN ENTRY--PERSONAL NAME
Personal name O'Connor, Jane
Dates associated with a name (1947-)
245 10 - TITLE STATEMENT
Title Fancy Nancy at the museum /
Statement of responsibility, etc. by Jane O'Connor ; cover illustration by Robin Preiss Glasser ; interior illustrations by Ted Enik.
250 ## - EDITION STATEMENT
Edition statement This edition first published in 2008
260 ## - PUBLICATION, DISTRIBUTION, ETC.
Place of publication, distribution, etc. New York :
Name of publisher, distributor, etc. HarperCollins,
Date of publication, distribution, etc. 2008.
300 ## - PHYSICAL DESCRIPTION
Extent 32 pages :
Other physical details color illustrations ;
Dimensions 23 cm
490 0# - SERIES STATEMENT
Series statement I can read! Beginning reading 1
505 ## - FORMATTED CONTENTS NOTE
Formatted contents note G<br/>
520 ## - SUMMARY, ETC.
Summary, etc. Although excited at the prospect of a fancy class trip to the art museum, the bumpy bus ride to get there leaves Nancy feeling anything but fancy.
521 ## - TARGET AUDIENCE NOTE
Target audience note 300<br/>
Source Lexile<br/>
521 ## - TARGET AUDIENCE NOTE
Target audience note G<br/>
Source Raz-Plus<br/>
650 #1 - SUBJECT ADDED ENTRY--TOPICAL TERM
Topical term or geographic name entry element Museums
Form subdivision Fiction.
650 #1 - SUBJECT ADDED ENTRY--TOPICAL TERM
Topical term or geographic name entry element Art
Form subdivision Fiction.
650 #1 - SUBJECT ADDED ENTRY--TOPICAL TERM
Topical term or geographic name entry element Buses
Form subdivision Fiction.
650 #1 - SUBJECT ADDED ENTRY--TOPICAL TERM
Topical term or geographic name entry element Teachers
Form subdivision Fiction.
700 1# - ADDED ENTRY--PERSONAL NAME
Personal name Preiss-Glasser, Robin
Relator term illustrator
906 ## - LOCAL DATA ELEMENT F, LDF (RLIN)
a 7
b cbc
c orignew
d 1
e ecip
f 20
g y-gencatlg
942 ## - ADDED ENTRY ELEMENTS (KOHA)
Source of classification or shelving scheme Dewey Decimal Classification
Koha item type Books
Suppress in OPAC No
Holdings
Withdrawn status Lost status Source of classification or shelving scheme Damaged status Not for loan Collection Home library Current library Shelving location Date acquired Total Checkouts Full call number Barcode Date last seen Copy number Price effective from Koha item type Date due Date last checked out
    Dewey Decimal Classification     Juvenile Fiction Footprints International School Library Network Toul Tom Poung Campus Footprints International School Library Network Toul Tom Poung Campus TTP Primary Green Bookshelves 03/31/2025   OCO 813.6 PZ7.O222 F 2025-0892 03/31/2025 1 03/31/2025 Books    
    Dewey Decimal Classification     Juvenile Fiction Footprints International School Library Network Toul Tom Poung Campus Footprints International School Library Network Toul Tom Poung Campus TTP Primary Green Bookshelves 03/31/2025 1 OCO 813.6 PZ7.O222 F 2025-0904 08/14/2025 2 03/31/2025 Books 08/28/2025 08/14/2025